The Devil Wears Prada / (Record no. 25206)

MARC details
000 -LEADER
fixed length control field 01714ngm a2200385 4500
003 - CONTROL NUMBER IDENTIFIER
control field dpl
005 - DATE AND TIME OF LATEST TRANSACTION
control field 20090313154659.0
007 - PHYSICAL DESCRIPTION FIXED FIELD--GENERAL INFORMATION
fixed length control field DVD
008 - FIXED-LENGTH DATA ELEMENTS--GENERAL INFORMATION
fixed length control field ||||||sp199 xxu|||||c|||| 00| 0 eng d
010 ## - LIBRARY OF CONGRESS CONTROL NUMBER
LC control number DVD-001762-1763
024 ## - OTHER STANDARD IDENTIFIER
Terms of availability 299.00
035 ## - SYSTEM CONTROL NUMBER
System control number DVD-001762-1763
040 ## - CATALOGING SOURCE
Original cataloging agency DPL
Transcribing agency DPL
082 ## - DEWEY DECIMAL CLASSIFICATION NUMBER
Classification number DVD / DEVI
245 ## - TITLE STATEMENT
Title The Devil Wears Prada /
Statement of responsibility, etc Fox 2000 Pictures Presents
Medium [videorecording] DVD/
260 ## - PUBLICATION, DISTRIBUTION, ETC. (IMPRINT)
Name of publisher, distributor, etc 20th Century Fox Home Entertainment
300 ## - PHYSICAL DESCRIPTION
Extent 2 videodisc VCD;
Other physical details sd., col. ;
Dimensions 4 3/4 in.
Type of unit VCD
440 ## - SERIES STATEMENT/ADDED ENTRY--TITLE
Title 20th Centyry Fox Home Entertainment
500 ## - GENERAL NOTE
General note Sole Distributor in India M/s. Excel Productions Autio Visuals Pvt. Ltd.
500 ## - GENERAL NOTE
General note A Devilshly Good Time and the Most Scrumptious Comedy of the Year.
500 ## - GENERAL NOTE
General note This DVD is Copy Protected
538 ## - SYSTEM DETAILS NOTE
System details note Dolby Digital 5.1-English Subtitles: English
538 ## - SYSTEM DETAILS NOTE
System details note Aspect Ratio: 1.85:1, Presentation type: Wide Screne, Presentation Size 16x9, Format DVD 9 Dual Layer Single Sided Disc.
650 ## - SUBJECT ADDED ENTRY--TOPICAL TERM
Topical term or geographic name as entry element Mothin Picture
700 ## - ADDED ENTRY--PERSONAL NAME
Personal name Streep, Meryl
700 ## - ADDED ENTRY--PERSONAL NAME
Personal name Hathway, Anne
700 ## - ADDED ENTRY--PERSONAL NAME
Personal name Tocci, Stanley
700 ## - ADDED ENTRY--PERSONAL NAME
Personal name Baker, Simon
700 ## - ADDED ENTRY--PERSONAL NAME
Personal name Blunt, Emily
700 ## - ADDED ENTRY--PERSONAL NAME
Personal name Greniew, Adrian
942 ## - ADDED ENTRY ELEMENTS (KOHA)
Koha item type CD-ROMs, DVDs, VHS
Source of classification or shelving scheme Dewey Decimal Classification
Classification part DVD
Call number suffix DEVI
Holdings
Withdrawn status Lost status Source of classification or shelving scheme Damaged status Not for loan Home library Current library Date acquired Source of acquisition Cost, normal purchase price Total Checkouts Full call number Barcode Date last seen Date checked out Copy number Cost, replacement price Price effective from Koha item type Public note
  Lost and Paid For Dewey Decimal Classification     Central Library Central Library 13/03/2009 Purchase 299.00 5 DVD DEVI DVD-001762 30/05/2009 21/05/2009 1 299.00 13/03/2009 CD-ROMs, DVDs, VHS Cost Riced Rs.299.00 Dt 29-05-09 Vide R,No.2297/11
    Dewey Decimal Classification     Sarojini Nagar Sarojini Nagar 13/03/2009 Purchase 299.00 10 DVD DEVI DVD-001763 18/01/2013 18/01/2013 1 299.00 13/03/2009 CD-ROMs, DVDs, VHS  

© Delhi Public Library
Hit Counter
free hit counter